000 00464nam a2200181Ia 4500
008 170705s9999 xx 000 0 und d
020 _a9780746074268
245 _aStories of dinosaurs /
245 _cRussell Punter ; illustrated by Cynthia Decker.
260 _aNew York :
260 _bScholastic,
260 _c2006
300 _a48 pages :
300 _bcolor illustration ;
300 _c20cm.
440 _aUsborne young reading.
500 _a490
999 _c335810
_d335810